Normal view
MARC view
- Employee motivation
Entry Topical Term
001 - CONTROL NUMBER
- control field: 6872
003 - CONTROL NUMBER IDENTIFIER
- control field: OSt
005 - DATE AND TIME OF LATEST TRANSACTION
- control field: 20170522150110.0
008 - FIXED-LENGTH DATA ELEMENTS
- fixed length control field: 170522|| aca||aabn | a|a d
040 ## - CATALOGING SOURCE
- Original cataloging agency: OSt
- Transcribing agency: OSt
150 ## - HEADING--TOPICAL TERM
- Topical term or geographic name entry element: Employee motivation
- General subdivision: Problems, exercises, etc.
670 ## - SOURCE DATA FOUND
- Source citation: Work cat.: (OSt)0: Goman, Carol Kinsey 6870, Managing for commitment :, 1991

PORTAL AKMAL
E-MEL JKDM
AKMAL2U
G-BAM
u-PUSTAKA